Digital vs. Traditional: Selected Views on Creating Optimal Marketing Communication Mix

Táto štúdia slúži ako počiatočná fáza širšieho výskumného projektu. Jeho cieľom je preskúmať vekovo špecifické spotrebiteľské preferencie ako jeden zo základných východísk pre pochopenie efektívnej marketingovej komunikácie – najmä z pohľadu prechodu od tradičných k digitálnym médiám.

Salvato in:
Dettagli Bibliografici
Autore principale: Pollák, František, 1985-
Altri autori: Markovič, Peter, 1974-, Kalamen, Kristián, 1996-
Natura: Capitolo di libro
Lingua:inglese
Soggetti:
Tags: Aggiungi Tag
Nessun Tag, puoi essere il primo ad aggiungerne!!

MARC

LEADER 00000naa$a2200000$$$4500
001 0308043
005 20250509095222.7
041 0 |a eng 
044 |a HR 
245 1 0 |a Digital vs. Traditional: Selected Views on Creating Optimal Marketing Communication Mix  |c František Pollák, Peter Markovič, Kristián Kalamen 
520 |a Táto štúdia slúži ako počiatočná fáza širšieho výskumného projektu. Jeho cieľom je preskúmať vekovo špecifické spotrebiteľské preferencie ako jeden zo základných východísk pre pochopenie efektívnej marketingovej komunikácie – najmä z pohľadu prechodu od tradičných k digitálnym médiám. 
610 2 0 |a marketing 
610 2 0 |a marketing mix 
610 2 0 |a komunikácia 
610 2 0 |a digitalizácia 
610 2 0 |a spotrebitelia 
610 2 0 |a médiá 
100 1 |a Pollák, František, 1985- 
700 1 |a Markovič, Peter, 1974- 
700 1 |a Kalamen, Kristián, 1996-